<?xml version="1.0" encoding="UTF-8"?>
<record
    xmlns:xsi="http://www.w3.org/2001/XMLSchema-instance"
    xsi:schemaLocation="http://www.loc.gov/MARC21/slim http://www.loc.gov/standards/marcxml/schema/MARC21slim.xsd"
    xmlns="http://www.loc.gov/MARC21/slim">

  <leader>00561nam a22001817a 4500</leader>
  <controlfield tag="003">OSt</controlfield>
  <controlfield tag="005">20260318111756.0</controlfield>
  <controlfield tag="008">260318b        |||||||| |||| 00| 0 eng d</controlfield>
  <datafield tag="040" ind1=" " ind2=" ">
    <subfield code="c">Chuka University</subfield>
  </datafield>
  <datafield tag="050" ind1=" " ind2=" ">
    <subfield code="a">The QA 149</subfield>
    <subfield code="b">.M85 2024</subfield>
  </datafield>
  <datafield tag="100" ind1=" " ind2=" ">
    <subfield code="a">Peter Guchu Muiruri</subfield>
    <subfield code="9">23543</subfield>
  </datafield>
  <datafield tag="245" ind1=" " ind2=" ">
    <subfield code="a">Norm Of Elementary Operator In Tensor Product Of C*-Algebras</subfield>
  </datafield>
  <datafield tag="260" ind1=" " ind2=" ">
    <subfield code="a">Chuka, Kenya</subfield>
    <subfield code="b">Chuka University</subfield>
    <subfield code="c">2024</subfield>
  </datafield>
  <datafield tag="300" ind1=" " ind2=" ">
    <subfield code="a">89p</subfield>
  </datafield>
  <datafield tag="650" ind1=" " ind2=" ">
    <subfield code="a">1. Tensor products---mathematics</subfield>
    <subfield code="9">23544</subfield>
  </datafield>
  <datafield tag="650" ind1=" " ind2=" ">
    <subfield code="a">2. Elementary operator---mathematics</subfield>
    <subfield code="9">23545</subfield>
  </datafield>
  <datafield tag="942" ind1=" " ind2=" ">
    <subfield code="2">lcc</subfield>
    <subfield code="c">THE</subfield>
    <subfield code="n">0</subfield>
  </datafield>
  <datafield tag="952" ind1=" " ind2=" ">
    <subfield code="0">0</subfield>
    <subfield code="1">0</subfield>
    <subfield code="2">lcc</subfield>
    <subfield code="4">0</subfield>
    <subfield code="7">1</subfield>
    <subfield code="8">T&amp;D</subfield>
    <subfield code="a">CHK</subfield>
    <subfield code="b">EMB</subfield>
    <subfield code="c">GEN</subfield>
    <subfield code="d">2026-03-17</subfield>
    <subfield code="l">0</subfield>
    <subfield code="o">THE QA 149.M85 2024</subfield>
    <subfield code="p">25996/2025</subfield>
    <subfield code="r">2026-03-18 11:33:21</subfield>
    <subfield code="t">C.2</subfield>
    <subfield code="w">2026-03-18</subfield>
    <subfield code="y">THE</subfield>
  </datafield>
  <datafield tag="952" ind1=" " ind2=" ">
    <subfield code="0">0</subfield>
    <subfield code="1">0</subfield>
    <subfield code="2">lcc</subfield>
    <subfield code="4">0</subfield>
    <subfield code="7">1</subfield>
    <subfield code="8">T&amp;D</subfield>
    <subfield code="a">CHK</subfield>
    <subfield code="b">CHG</subfield>
    <subfield code="c">GEN</subfield>
    <subfield code="d">2026-03-17</subfield>
    <subfield code="l">0</subfield>
    <subfield code="o">THE QA 149.M85 2024</subfield>
    <subfield code="p">25997</subfield>
    <subfield code="r">2026-03-18 11:33:21</subfield>
    <subfield code="t">C.3</subfield>
    <subfield code="w">2026-03-18</subfield>
    <subfield code="y">THE</subfield>
  </datafield>
  <datafield tag="999" ind1=" " ind2=" ">
    <subfield code="c">21659</subfield>
    <subfield code="d">21659</subfield>
  </datafield>
</record>
